000
00325nam a22001337a 4500
020
_q
978-969-7632-01-5
040
_c
NUST
082
_a
891.4392,JUN
245
_a
Junoon-e-Rukhe Wafa
260
_a
Islamabad
_b
Pakistan Foundation
_c
2018
300
_a
205 p.;
650
_a
Urdu Literature
942
_2
ddc
_c
BK
_k
891.4392,JUN
999
_c
593746
_d
593746